000 00574nam a2200241Ia 4500
003 OSt
005 20221007115346.0
006 a|||||r|||| 00| 0
007 ta
008 221006b |||||||| |||| 00| 0 eng d
024 _a36,795
037 _cTextual
040 _aLCO
_cLCO
_beng
041 _2eng
_aeng
082 _aZ2,2,4qM82, Q6
100 _aTRIPATHI (G.P.)
245 0 _aTransfer of Property Act
250 _a19TH
260 _c2016
300 _a732
942 _hZ2,2,4qM82, Q6
_cTEXL
999 _c1206358
_d1206358